Las maravillas del mundo submarino / (Registro nro. 8586)

Detalles MARC
000 -LEADER
fixed length control field 00837nam a22002897a 4500
001 - CONTROL NUMBER
control field 0074
003 - CONTROL NUMBER IDENTIFIER
control field DO-SdBNP
005 - DATE AND TIME OF LATEST TRANSACTION
control field 20180202110742.0
007 - PHYSICAL DESCRIPTION FIXED FIELD--GENERAL INFORMATION
fixed length control field 0074
008 - FIXED-LENGTH DATA ELEMENTS--GENERAL INFORMATION
fixed length control field 151105b sp 1978 ||||| |||| 00| 0 spa d
020 ## - INTERNATIONAL STANDARD BOOK NUMBER
International Standard Book Number 8402014119
040 ## - CATALOGING SOURCE
Original cataloging agency BPMSU
Language of cataloging spa
Transcribing agency BPMSU
092 ## - LOCALLY ASSIGNED DEWEY CALL NUMBER (OCLC)
Classification number xxxxxxx
Item number xxxxxxx
100 1# - MAIN ENTRY--PERSONAL NAME
Personal name D'isard, Marcel
245 14 - TITLE STATEMENT
Title Las maravillas del mundo submarino /
Statement of responsibility, etc. Marcel D'isard; ilustración Francisco Blanes Aracil
250 ## - EDITION STATEMENT
Edition statement 4a ed.
260 ## - PUBLICATION, DISTRIBUTION, ETC. (IMPRINT)
Place of publication, distribution, etc. Madrid, España :
Name of publisher, distributor, etc. Bruguera,
Date of publication, distribution, etc. 1978.
300 ## - PHYSICAL DESCRIPTION
Extent 175 p. :
Other physical details il.,
Dimensions 20 cm.
490 1# - SERIES STATEMENT
Series statement Historias selección
490 1# - SERIES STATEMENT
Series statement Grandes aventuras
Volume/sequential designation 10
700 1# - ADDED ENTRY--PERSONAL NAME
Personal name Blanes Aracil, Francisco,
Relator term il.
830 00 - SERIES ADDED ENTRY--UNIFORM TITLE
Uniform title Historias selección
830 #0 - SERIES ADDED ENTRY--UNIFORM TITLE
Uniform title Grandes aventuras
Number of part/section of a work 10
942 ## - ADDED ENTRY ELEMENTS (KOHA)
Source of classification or shelving scheme Dewey Decimal Classification
Koha item type Libros
945 ## - LOCAL PROCESSING INFORMATION (OCLC)
a Inventariado, 2018 /LP
956 ## - LOCAL ELECTRONIC LOCATION AND ACCESS (OCLC)
Host name Brenda Tavárez
Access number 10
Existencias
Withdrawn status Lost status Source of classification or shelving scheme Damaged status Not for loan Collection code Home library Current library Date acquired Source of acquisition Total Checkouts Barcode Date last seen Price effective from Koha item type
    Dewey Decimal Classification     Colección General Biblioteca Pública Metropolitana Salomé Ureña Biblioteca Pública Metropolitana Salomé Ureña 11/05/2015 FUNDI   BPMSU15110100 11/05/2015 11/05/2015 Libros